ระบบห้องสมุดอัตโนมัติ ULibM
วิทยาลัยพยาบาลบรมราชชนนี พระพุทธบาท
เปลี่ยนเป็นภาษาไทย

Change to English
 แสดงรายละเอียดบรรณานุกรม
  กลับหน้าหลัก

Brief Record : Get Marc (ISO 2709) : E-mail record : QR code ปิดหน้าต่าง
E-books : เกี่ยวกับ Collections
LEADER 00000nam 2200000uu 4500
001    13399124015
003     ULIBM
008    210156s2555 th a 000 0 tha d
020    9786167283517
100    อมรบุญ วงศ์ไตรภูมิ
245    10 สุดยอดสมุนไพรมหัศจรรย์
250    พิมพ์ครั้งที่ 1
260    กรุงเทพฯ :^bทัพอักษร การพิมพ์,^c2555
300    144 หน้า
650    สมุนไพร
945    ^p110^l0^i019117
945    ^p110^l0^i019116
945    ^p110^l0^i019115
945    ^p110^l0^i019114
945    ^p110^l0^i019113
945    ^p110^l0^i019112
945    ^p110^l0^i019111
945    ^p110^l0^i019110
945    ^p110^l0^i019109
945    ^p110^l0^i019108
999    ^aน.ส.สุพรรษา เริงรื่น
รายการนี้ยังไม่มีแท็ก
คุณยังไม่ได้ล็อกอิน คุณสามารถมีกิจกรรมร่วมกับเว็บไซต์ได้ แต่ต้องล็อกอินก่อน ::
  ล็อกอิน
ลำดับที่ ประเภท เลขเรียก สถานที่ สถานะ
1.
QV766 อ111ส 2555  
  
วิทยาลัยพยาบาลบรมราชชนนี พระพุทธบาท
►หนังสือทั่วไป
On Shelf
2.
QV766 อ111ส 2555 ฉ.2 
  
วิทยาลัยพยาบาลบรมราชชนนี พระพุทธบาท
►หนังสือทั่วไป
On Shelf
3.
QV766 อ111ส 2555 ฉ.3 
  
วิทยาลัยพยาบาลบรมราชชนนี พระพุทธบาท
►หนังสือทั่วไป
On Shelf
4.
QV766 อ111ส 2555 ฉ.4 
  
วิทยาลัยพยาบาลบรมราชชนนี พระพุทธบาท
►หนังสือทั่วไป
On Shelf
5.
QV766 อ111ส 2555 ฉ.5 
  
วิทยาลัยพยาบาลบรมราชชนนี พระพุทธบาท
►หนังสือทั่วไป
On Shelf
6.
QV766 อ111ส 2555 ฉ.6 
  
วิทยาลัยพยาบาลบรมราชชนนี พระพุทธบาท
►หนังสือทั่วไป
On Shelf
7.
QV766 อ111ส 2555 ฉ.7 
  
วิทยาลัยพยาบาลบรมราชชนนี พระพุทธบาท
►หนังสือทั่วไป
On Shelf
8.
QV766 อ111ส 2555 ฉ.8 
  
วิทยาลัยพยาบาลบรมราชชนนี พระพุทธบาท
►หนังสือทั่วไป
On Shelf
9.
QV766 อ111ส 2555 ฉ.9 
  
วิทยาลัยพยาบาลบรมราชชนนี พระพุทธบาท
►หนังสือทั่วไป
On Shelf
10.
QV766 อ111ส 2555 ฉ.10 
  
วิทยาลัยพยาบาลบรมราชชนนี พระพุทธบาท
►หนังสือทั่วไป
On Shelf
   [แสดง 10/10 รายการ]

รายการใกล้เคียง
    หัวเรื่อง [สมุนไพร]

Bib 13399124015